Taguchi techniques for quality engineering
Na minha lista:
| Autor principal: | |
|---|---|
| Formato: | Livro |
| Idioma: | Undetermined |
| Publicado em: |
New York
McGraw-Hill
1988
|
| Assuntos: | |
| Tags: |
Adicionar Tag
Sem tags, seja o primeiro a adicionar uma tag!
|
| Thư viện lưu trữ: | Trung tâm Học liệu Trường Đại học Cần Thơ |
|---|
| LEADER | 00553nam a2200193Ia 4500 | ||
|---|---|---|---|
| 001 | CTU_88589 | ||
| 008 | 210402s9999 xx 000 0 und d | ||
| 082 | |a 620 | ||
| 082 | |b R824 | ||
| 100 | |a Ross, Phillip J. | ||
| 245 | 0 | |a Taguchi techniques for quality engineering | |
| 245 | 0 | |c Phillip J. Ross | |
| 260 | |a New York | ||
| 260 | |b McGraw-Hill | ||
| 260 | |c 1988 | ||
| 650 | |a Quality control,Taguchi methods (quality control) | ||
| 650 | |x Statistical methods | ||
| 904 | |i Giang,Hải | ||
| 980 | |a Trung tâm Học liệu Trường Đại học Cần Thơ | ||